Enfoque sobre física : Física atómica / (Record no. 66368)

MARC details
000 -LEADER
fixed length control field 00742nam a22002177a 4500
005 - DATE AND TIME OF LATEST TRANSACTION
control field 20150124130938.0
008 - FIXED-LENGTH DATA ELEMENTS--GENERAL INFORMATION
fixed length control field 141014t mx||||| |||| 00| 0 spa d
050 04 - LIBRARY OF CONGRESS CALL NUMBER
Classification number QC171.2
Item number S74 1974
100 1# - MAIN ENTRY--PERSONAL NAME
Personal name Stearns, Robert L.
245 10 - TITLE STATEMENT
Title Enfoque sobre física : Física atómica /
Statement of responsibility, etc Robert L. Stearns, tr. Mario Velazco Hernandez
250 ## - EDITION STATEMENT
Edition statement 1a ed.
260 ## - PUBLICATION, DISTRIBUTION, ETC. (IMPRINT)
Place of publication, distribution, etc México :
Name of publisher, distributor, etc C. E. C. S. A.,
Date of publication, distribution, etc 1974.
300 ## - PHYSICAL DESCRIPTION
Extent 143 p. :
Other physical details il. ;
Dimensions 23 cm.
490 ## - SERIES STATEMENT
Series statement (Serie de compendios científicos)
500 ## - GENERAL NOTE
General note Titulo original en ingles : Focus on physics- atomic physics
504 ## - BIBLIOGRAPHY, ETC. NOTE
Bibliography, etc Incluye apéndice e índice
650 #7 - SUBJECT ADDED ENTRY--TOPICAL TERM
Source of heading or term Lemb
Topical term or geographic name as entry element Física
650 #7 - SUBJECT ADDED ENTRY--TOPICAL TERM
Source of heading or term Lemb
Topical term or geographic name as entry element Física nuclear
700 1# - ADDED ENTRY--PERSONAL NAME
Personal name Velazco Hernandez Mario,
Relator term tr.
942 ## - ADDED ENTRY ELEMENTS (KOHA)
Source of classification or shelving scheme Clasificación Decimal Dewey
Koha item type Libro
Holdings
Estado de pérdida Fuente de clasificación Estado del daño No para préstamo Ubicación permanente Ubicación actual Apartado o colección Fecha de adquisición Fuente de adquisición Clasificación Código de Barras Date last seen Número de copia Tipo de recurso Nota pública Edición Área del conocimiento Dependencia de educación superior (DES) Costo por reposición Total Checkouts
  Biblioteca del Cogreso de los Estados Unidos     Biblioteca de la Facultad de Físico Matemáticas Biblioteca de la Facultad de Físico Matemáticas General 14/10/2014   QC171.2 S74 1974 C:1 FFM000003901 16/01/2015 C:1 Libro Solo para Lectura          
  Biblioteca del Cogreso de los Estados Unidos     Biblioteca de la Preparatoria Ing. Pascual Ortiz Rubio Biblioteca de la Preparatoria Ing. Pascual Ortiz Rubio General 29/10/2015   QC173 S7 1974 PPO000003733 29/10/2015 C:1 Libro   1a. ed. Ingeniería y Tecnología      
  Biblioteca del Cogreso de los Estados Unidos     Biblioteca de la Preparatoria Ing. Pascual Ortiz Rubio Biblioteca de la Preparatoria Ing. Pascual Ortiz Rubio General 29/10/2015   QC173 S7 1974 PPO000003732 29/10/2015 C:2 Libro   1a. ed. Ingeniería y Tecnología      
  Biblioteca del Cogreso de los Estados Unidos     Biblioteca de la Preparatoria Ing. Pascual Ortiz Rubio Biblioteca de la Preparatoria Ing. Pascual Ortiz Rubio General 29/10/2015   QC173 S7 1974 PPO000003731 29/10/2015 C:3 Libro   1a. ed. Ingeniería y Tecnología      
  Biblioteca del Cogreso de los Estados Unidos     Biblioteca de la Preparatoria Ing. Pascual Ortiz Rubio Biblioteca de la Preparatoria Ing. Pascual Ortiz Rubio General 29/10/2015   QC173 S7 1974 PPO000003730 29/10/2015 C:4 Libro   1a. ed. Ingeniería y Tecnología      
  Biblioteca del Cogreso de los Estados Unidos     Biblioteca de la Preparatoria Ing. Pascual Ortiz Rubio Biblioteca de la Preparatoria Ing. Pascual Ortiz Rubio General 29/10/2015   QC173 S7 1974 PPO000003729 29/10/2015 C:5 Libro   1a. ed. Ingeniería y Tecnología      
  Biblioteca del Cogreso de los Estados Unidos     Biblioteca de la Preparatoria Isaac Arriaga Biblioteca de la Preparatoria Isaac Arriaga General 12/11/2019   QC173 S74 1974 PIA000004727 12/11/2019 C:1 Libro   1a.ed. Ciencias Naturales y Exactas Nivel Medio Superior 1.00  
  Biblioteca del Cogreso de los Estados Unidos     Biblioteca de la Unidad de Ciencias Ingeniería y Humanidades Biblioteca de la Unidad de Ciencias Ingeniería y Humanidades General 24/11/2022   QC173 S74 1974 BCU000020857 24/11/2022 1 Libro   1a. ed. Ciencias Naturales y Exactas   1.00